Joueurs ayant participé le plus souvent au Championnat d'Europe - Statistiques

Statistiques générales
  • Ce quiz a été pris 39 fois
    9 depuis la dernière actualisation
  • Le résultat moyen est 6 sur 13
Statistiques - réponses
Nationalité Matches Années Joueur % Correct
Portugal 30 2004, 2008, 2012, 2016, 2020 Cristiano Ronaldo
100%
Portugal 23 2008, 2012, 2016, 2020 Pepe
88%
Allemagne 17 2012, 2016, 2020, 2024 Thomas Müller
88%
Allemagne 20 2012, 2016, 2020, 2024 Manuel Neuer
75%
Italie 17 2004, 2008, 2012, 2016 Gianluigi Buffon
63%
France 17 2016, 2020, 2024 Antoine Griezmann
50%
Angleterre 18 2016, 2020, 2024 Harry Kane
50%
Allemagne 20 2012, 2016, 2020, 2024 Toni Kroos
50%
Espagne 17 2016, 2020, 2024 Álvaro Morata
13%
Italie 17 2008, 2012, 2016, 2020 Giorgio Chiellini
13%
Portugal 19 2008, 2012, 2016, 2020 João Moutinho
13%
Allemagne 18 2004, 2008, 2012, 2016 Bastian Schweinsteiger
0%
Italie 18 2012, 2016, 2020 Leonardo Bonucci
0%
Aucun quiz correspondant
Distribution des résultats
% des personnes avec chaque résultat
Percentile par nombre de réponses
Votre historique - résultats
Vous n’avez pas pris ce quiz depuis la dernière actualisation